000 00307nam a2200121Ia 4500
008 240624s9999 xx 000 0 und d
041 _aeng
082 _a657 JIA
100 _aJIAMBALVO JAMES
245 _aMANAGERIAL ACCOUNTING
260 _c2002
_aNew York
_bJohn Wiley
300 _axxxi, : 413 : p. : cm. ; 24
999 _c4180
_d4180